000 00646nam a2200241Ia 4500
003 OSt
005 20220918174318.0
006 a|||||r|||| 00| 0
007 ta
008 220917b |||||||| |||| 00| 0 eng d
024 _a11,560
037 _cTextual
040 _aARTS
_cARTS
_beng
041 _2eng
_aeng
082 _a/\2xN31w, L9
100 _aManeesha Ma Prem ed
_949960
245 0 _aBhagwan Shree Rajneesh
_b this is it
260 _aPoona
_bRajneesh Foundation
_c1979
300 _a644p.
_ccm.
650 _aSPIRITUALISM
942 _h/\2xN31w, L9
_cTEXL
_2CC
999 _c152651
_d152651